LEADER 01068nam a2200277 i 4500 001 991000728959707536 005 20020503200515.0 008 980217s1989 it ita 020 $a8823800307 035 $ab10120622-39ule_inst 035 $aLE02521232$9ExL 040 $aFac. Economia$bita 082 0 $a332.10945 245 03$aIl sistema bancario italiano e l'integrazione dei mercati :$bun confronto delle strutture e degli ordinamenti dei principali paesi /$cL. Anderloni... [et al.] 260 $aMilano :$bEGEA,$cc1989 300 $axv, 422 p. ;$c24 cm 490 0 $aNewfin ;$v3 650 4$aBanche$zEuropa 650 4$aMercati finanziari$zEuropa 700 1 $aAnderloni, Luisa 907 $a.b10120622$b19-04-18$c27-06-02 912 $a991000728959707536 945 $aLE025 ECO 332.1 AND01.04$g1$i2025000038196$lle025$nCatalogato 2018$o-$pE0.00$q-$rl$s- $t0$u3$v2$w3$x0$y.i10141376$z27-06-02 996 $aSistema bancario italiano e l'integrazione dei mercati$956005 997 $aUNISALENTO 998 $ale025$b01-01-98$cm$da $e-$fita$git $h3$i1